1244 1557 1344 1673 1206 1287 1569 1987 1347 1958 1569 1599 1019 1390 1846 1861 1728 1018 1964 1637 1579 1909 1527 1074 1173 1540 1576 1883 1494 1124 1070 1430 1401 1870 1140 1535 1431 1867 1338 1833 1974 1254 1513 1143 1410 1347 1253 1278 1225 1020 1655 1084 2000 1045 1893 1850 1251 1415 1240 1771 1828 1131 1895 1736 1559 1485 1311 1300 1520 1648 1223 1278 1601 1238 1253 1493 1126 1161 1034 1140 1653 1808 1194 1275 1454 1126 1421 1151 1099 1864 1397 1433 1981 1544 1492 1609 1309 1110 1525 BCNSPRNW ULIB Ver.6.0+V

เปลี่ยนเป็นภาษาไทย

Change to English
 แสดงรายละเอียดบรรณานุกรม
  กลับหน้าหลัก

Brief Record : Get Marc (ISO 2709) : E-mail record : QR code < ปิดหน้าต่าง
LEADER : 00000nam 2200000uu 4500
001    13399113364
003     ULIB
008    111108s2549||||th 000 0 tha d
020    9749770196
060 04 QY4^bพ218 2549
245 00 พยาธิวิทยาคลินิก =^bClinical pathology /^cภาควิชาพยาธิวิทยา คณะแพทยศาสตร์โรงพยาบาลรามาธิบดี มหาวิทยาลัยมหิดล
246 31 Clinical pathology
250    พิมพ์ครั้งที่ 1
260    กรุงเทพฯ :^bเดือนพฤษภาคม,^c2549
300    [8], 562 หน้า :^bภาพประกอบ ;^c30 ซม.
650  2 Pathology, Clinical
650  7 พยาธิวิทยาคลินิก
650  7 เคมีคลินิก
650  7 ปรสิตวิทยา
650  7 วิทยาภูมิคุ้มกัน
650  7 โลหิตวิทยา
710 2  มหาวิทยาลัยมหิดล. ^bคณะแพทยศาสตร์โรงพยาบาลรามาธิบดี.^bภาควิชาพยาธิวิทยา
945    ^p750^l0^i15719
995    กัณชพร
999    ^aใช้งานได้ทุกระบบ
รายการนี้ยังไม่มีแท็ก
คุณยังไม่ได้ล็อกอิน คุณสามารถมีกิจกรรมร่วมกับเว็บไซต์ได้ แต่ต้องล็อกอินก่อน ::
  ล็อกอิน

รายการสื่อสารสนเทศ

ลำดับที่ ประเภท เลขเรียก/บาร์โค้ด สถานที่ สถานะ
- ไม่พบข้อมูล -

รายการใกล้เคียง
    หัวเรื่อง [Pathology, Clinical]
    หัวเรื่อง [พยาธิวิทยาคลินิก]
    หัวเรื่อง [เคมีคลินิก]
    หัวเรื่อง [ปรสิตวิทยา]
    หัวเรื่อง [วิทยาภูมิคุ้มกัน]
    หัวเรื่อง [โลหิตวิทยา]

BibComment


ยังไม่เคยถูกคอมเมนท์

คอมเมนท์ทรัพยากรรายการนี้
  คอมเมนท์: พยาธิวิทยาคลินิก ..


 Copyright 2026. Bcnsprnw @Library